Toutes les primes de One Piece par étape - Statistiques

Statistiques générales
  • Ce quiz a été pris 42 fois
    41 depuis la dernière actualisation
  • Le résultat moyen est 117 sur 210
Statistiques - réponses
Personnage Prime % Correct
Tony Tony Chopper 50
96%
Bepo 500
96%
Alvida 5.000.000
96%
100
93%
1000
93%
Billy 3.000.000
93%
Charlotte Linlin 50.000.000
93%
500.000.000
89%
Gem | Wellington 10.000.000
85%
1500
85%
Monkey D. Luffy | Usopp 30.000.000
85%
300.000.000
85%
3.000.000.000
85%
Baggy | Dellinger 15.000.000
81%
Arlong | Jesus Burgess | Rock | Scotch 20.000.000
81%
Boa Marigold | Boa Sandersonia 40.000.000
81%
Higuma | Octy 8.000.000
81%
Babe 3.200.000
78%
Akainu 5.000.000.000
78%
Smack 5.500.000
78%
Buchi | Sham 7.000.000
78%
100.000.000
74%
Bartolomeo 150.000.000
74%
Bentham/Bon Clay 32.000.000
74%
Zala 35.000.000
74%
400.000.000
74%
Devil Dias | Roronoa Zoro | Zeff 60.000.000
74%
Boa Hancock 80.000.000
74%
Gin 12.000.000
70%
1.500.000.000
70%
Kuro | Nami 16.000.000
70%
Trafalgar D. Water Law 200.000.000
70%
320.000.000
70%
Bellamy 55.000.000
70%
Jango | Kuroobi 9.000.000
70%
Machvise 11.000.000
67%
Brook 33.000.000
67%
Porchemy 3.400.000
67%
Little Oars Jr. | Portgas D. Ace 550.000.000
67%
Nico Olvia | Nico Robin 79.000.000
67%
Jack 1.000.000.000
63%
Masira 23.000.000
63%
Charlotte Laura | Foxy | Galdino 24.000.000
63%
Demalo Black 26.000.000
63%
Don Quichotte Doflamingo 340.000.000
63%
350.000.000
63%
Charlotte Snack 600.000.000
63%
Kaido 70.000.000
63%
Don Krieg | Lacuba 17.000.000
59%
Caribou | Sai | Squard 210.000.000
59%
Mont Blanc Cricket 25.000.000
59%
Gladius 31.000.000
59%
Gotti 90.000.000
59%
120.000.000
56%
130.000.000
56%
Drophy 14.000.000
56%
Marianne 29.000.000
56%
330.000.000
56%
Bobby Funk | Mikazuki | Shojo 36.000.000
56%
Franky 44.000.000
56%
Charlotte Perospero 700.000.000
56%
Mikita 7.500.000
56%
Curly Dadan 7.800.000
56%
1.800.000.000
52%
Cavendish 280.000.000
52%
Izo 510.000.000
52%
66.000.000
52%
Vinsmoke Sanji 77.000.000
52%
Crocodile 81.000.000
52%
Vito 95.000.000
52%
Coribou | Ginney 190.000.000
48%
Fisher Tiger 230.000.000
48%
250.000.000
48%
Loki 2.600.000.000
48%
Page One 290.000.000
48%
Sarquiss 38.000.000
48%
Orlumbus 48.000.000
48%
Lao G 61.000.000
48%
Charlotte Cracker 860.000.000
48%
Albion 92.000.000
48%
94.000.000
48%
1.100.000.000
44%
Jewelry Bonney 140.000.000
44%
Laffitte | Roshio 42.000.000
44%
440.000.000
44%
Black Maria | Edward Weevil 480.000.000
44%
Barbe Rose 52.000.000
44%
Kelly Funk 57.000.000
44%
Señor Pink 58.000.000
44%
Van Augur 64.000.000
44%
Jinbe 76.000.000
44%
83.000.000
44%
Lip Doughty 88.000.000
44%
930.000.000
44%
Eustass Kid 315.000.000
41%
470.000.000
41%
Gambia | Suleiman 67.000.000
41%
Daz Bonez | Raccoon 75.000.000
41%
Diamante | Pica | Trébol 99.000.000
41%
Doc Q 72.000.000
37%
Gyro 73.000.000
37%
Charlotte Katakuri 1.057.000.000
33%
Urouge 108.000.000
33%
1.111.000.000
33%
X Drake 222.000.000
33%
366.000.000
33%
394.000.000
33%
195.000.000
30%
Bartholomew Kuma 296.000.000
30%
383.000.000
30%
Edward Newgat 5.046.000.000
30%
1.032.000.000
26%
Bluejam 14.300.000
26%
177.000.000
26%
Morley 293.000.000
26%
3.189.000.000
26%
Dracule Mihawk 3.590.000.000
26%
3.996.000.000
26%
4.388.000.000
26%
Gol D. Roger 5.564.800.000
26%
Charlotte Smoothie 932.000.000
26%
Shanks 1.040.000.000
22%
Marco 1.374.000.000
22%
Alber 1.390.000.000
22%
148.000.000
22%
1.965.000.000
22%
Scratchmen Apoo 198.000.000
22%
Marshall D. Teach 2.247.600.000
22%
Lindbergh 316.000.000
22%
Pandaman 3.333.333
22%
Pedro 382.000.000
22%
4.048.900.000
22%
4.611.100.000
22%
Sabo 602.000.000
22%
ueen 1.320.000.000
19%
Capone Bege 138.000.000
19%
Killer 162.000.000
19%
1.659.000.000
19%
438.000.000
19%
Sasaki 472.000.000
19%
Chinjao 542.000.000
19%
Who's-Who 546.000.000
19%
Bobbin 105.500.000
15%
Basil Hawkins 249.000.000
15%
Tamago 429.000.000
15%
Belo Betty 457.000.000
15%
Chadros Higelyges/Barbe Brune 80.060.000
15%
Gally 3.450.000
7%
Aucun quiz correspondant
Distribution des résultats
% des personnes avec chaque résultat
Percentile par nombre de réponses
Votre historique - résultats
Vous n’avez pas pris ce quiz depuis la dernière actualisation